Tax Treaty Interpretation : (Record no. 622104)

MARC details
000 -LEADER
fixed length control field 00524nam a2200193 a 4500
008 - FIXED-LENGTH DATA ELEMENTS--GENERAL INFORMATION
fixed length control field 260502s2001##################000#0#eng##
020 ## - INTERNATIONAL STANDARD BOOK NUMBER
ISBN 9789041198570
082 04 - DEWEY DECIMAL CLASSIFICATION NUMBER
Classification number 341.4844026
Item number LAN
100 1# - MAIN ENTRY--AUTHOR NAME
Personal name Lang, Michael,
245 10 - TITLE STATEMENT
Title Tax Treaty Interpretation :
260 ## - PUBLICATION, DISTRIBUTION, ETC. (IMPRINT)
Name of publisher Kluwer Law International B.V.,
Year of publication 2001.
300 ## - PHYSICAL DESCRIPTION
Number of Pages 402 pages
650 #0 - SUBJECT ADDED ENTRY--TOPICAL TERM
Topical Term Business & Economics.
942 ## - ADDED ENTRY ELEMENTS (KOHA)
Koha item type English Books
Holdings
Withdrawn status Lost status Damaged status Not for loan Home library Current library Date acquired Full call number Accession Number Price effective from Koha item type
        Anna Centenary Library Anna Centenary Library 02.05.2026 341.4844026 LAN 441539 02.05.2026 English Books

Find us on the map